Wrestlers By Picture 5: WWE Attitude Era - Statistics

General Stats
  • This quiz has been taken 282 times
  • The average score is 14 of 16
Answer Stats
Picture Answer % Correct
Steve Austin
97%
The Rock
97%
Shawn Michaels
96%
The Undertaker
96%
Kane
95%
Edge
94%
Triple H
94%
Mankind
93%
Bret Hart
90%
X-Pac
81%
The Godfather
77%
Road Dogg
75%
Faarooq
74%
Billy Gunn
70%
Ken Shamrock
69%
Gangrel
67%
No matching quizzes found
Score Distribution
Percent of People with Each Score
Percentile by Number Answered
Your Score History
You have not taken this quiz